ENSAYOS SOBRE ANALISIS ECONOMICO (Registro nro. 34533)
[ vista simple ]
| 000 -LEADER | |
|---|---|
| fixed length control field | 00496nam a2200181 a 4500 |
| 001 - CONTROL NUMBER | |
| control field | 34533 |
| 005 - DATE AND TIME OF LATEST TRANSACTION | |
| control field | 20180714002657.0 |
| 008 - FIXED-LENGTH DATA ELEMENTS--GENERAL INFORMATION | |
| fixed length control field | 140415s1964 000 0 spa d |
| 041 ## - LANGUAGE CODE | |
| Language code of text/sound track or separate title | spa |
| 082 ## - DEWEY DECIMAL CLASSIFICATION NUMBER | |
| Classification number | 330.1 |
| Item number | ROB |
| 100 1# - MAIN ENTRY--PERSONAL NAME | |
| Personal name | ROBINSON, JOAN |
| 245 10 - TITLE STATEMENT | |
| Title | ENSAYOS SOBRE ANALISIS ECONOMICO |
| 260 ## - PUBLICATION, DISTRIBUTION, ETC. | |
| Place of publication, distribution, etc. | [s.l.] : |
| Name of publisher, distributor, etc. | FONDO DE CULTURA ECONOMICA, |
| Date of publication, distribution, etc. | 1964 |
| 300 ## - PHYSICAL DESCRIPTION | |
| Extent | 238 |
| 490 ## - SERIES STATEMENT | |
| Series statement | SECCION DE OBRAS DE ECONOMIA |
| 650 14 - SUBJECT ADDED ENTRY--TOPICAL TERM | |
| Topical term or geographic name entry element | ECONOMIA TEORIAS |
| 700 1# - ADDED ENTRY--PERSONAL NAME | |
| Personal name | CHAVEZ, MARTA |
| Relator term | tr. |
| Withdrawn status | Lost status | Source of classification or shelving scheme | Damaged status | Not for loan | Collection code | Home library | Current library | Shelving location | Date acquired | Source of acquisition | Inventory number | Total Checkouts | Full call number | Barcode | Date last seen | Price effective from | Koha item type |
|---|---|---|---|---|---|---|---|---|---|---|---|---|---|---|---|---|---|
| Dewey Decimal Classification | General | Biblioteca Karol Wojtyla | Biblioteca Karol Wojtyla | Sala general | 03/12/2013 | Compra | 151000000000000000054461 | 330.1 ROB | 5229 | 05/01/2026 | 03/12/2013 | Libro |